Địa chí xã Hồng Việt huyện Hòa An - tỉnh Cao Bằng
v.v...
Đã lưu trong:
| Tác giả chính: | |
|---|---|
| Định dạng: | Sách |
| Năm xuất bản: |
H.
Lao động
2011
|
| Series: | Hội văn nghệ dân gian Việt Nam
|
| Chủ đề: | |
| Tags: |
Thêm thẻ
Không có thẻ, Hãy là người đầu tiên gắn thẻ bản ghi này!
|
| LEADER | 00721nam a2200205 4500 | ||
|---|---|---|---|
| 082 | |a 398.0959712 |b TR120Â | ||
| 100 | |a Triều Âu | ||
| 245 | |a Địa chí xã Hồng Việt huyện Hòa An - tỉnh Cao Bằng |c Triều Âu | ||
| 260 | |a H. |b Lao động |c 2011 | ||
| 300 | |a 337 tr. |c 21 cm. | ||
| 490 | |a Hội văn nghệ dân gian Việt Nam | ||
| 520 | |a v.v... | ||
| 653 | |a Văn hóa dân gian | ||
| 653 | |a Hòa An | ||
| 653 | |a Cao Bằng | ||
| 653 | |a Việt Nam | ||
| 653 | |a Địa chí | ||
| 942 | |2 ddc |c SH | ||
| 999 | |c 4307 |d 4307 | ||
| 952 | |0 0 |1 0 |2 ddc |4 0 |6 398_095970000000000_TR120Â |7 0 |8 300 |9 42929 |a qbu |b qbu |c D2 |d 2014-12-19 |g 68000 |o 398.09597 TR120Â |p 4618.c1 |r 0000-00-00 |w 2014-12-19 |y SH |0 0 |6 398_095970000000000_TR120Â | ||